| 000 | 00484cam a22001337a 4500 | ||
|---|---|---|---|
| 008 | 180718b1989 xxu||||| |||| 00| 0 eng d | ||
| 082 | _aOA4x54 In2 | ||
| 100 | _aKothari, Ashish | ||
| 245 |
_aManagement of national parks and sanctuaries in India: a status report _cby Ashish Kothari...[et.al.] |
||
| 260 |
_aDelhi _bIndian Institute of Public Administration _c1989 |
||
| 300 | _a298p. | ||
| 650 | _aWildlife refuges - India | ||
| 650 | _aNational parks and reserves - Management - India | ||
| 999 |
_c475793 _d475793 |
||